Responses for show #5436 - Monday, April 7, 2008

Deborah Fitzgerald game 1.

Contestants

[<< previous game]

Stephen Wilson, a Ph.D. student from Milton, Delaware

Deborah Fitzgerald, a retired government employee from McLean, Virginia

Rich House, an English professor from Terre Haute, Indiana (whose 2-day cash winnings total $45,602)

[next game >>]

Jeopardy! Round responses

THE NATIONAL ASSOCIATION OF CHILDREN'S HOSPITALS
SPORTS STUFF
EMERIL GOES INTERNATIONAL
STATE MOTTOES
FROM "RAG"s
TO RICHES
    $200 19
Philadelphia

Rich
    $200 1
Dale Earnhardt, Jr.

Rich
    $200 4
spanakopita

Deborah
    $200 20
silver

Stephen
    $200 5
Paraguay

Rich
    $200 12
(Richard) Daley

Rich
    $400 27
education

Deborah
    $400 2
the New York Yankees

Stephen
    $400 15
Caprese

Deborah
    $400 21
law

Rich
    $400 8
(Stephen: Uh, who is a...)
...
(Alex: Remember, the "R-A-G" doesn't have to come at the beginning of the word. It can come anywhere within the word itself.)

a straggler

Stephen
Triple Stumper
    $400 13
(Richard) Branson

Rich
    $600 28
UCLA

Triple Stumper
    $600 3
Bonnie Blair

Deborah
    $600 16
clarified butter

Stephen
    $600 22
Nothing

Deborah
    $600 9
a dragonfly

Rich
    $600 14
Richard Burton

Stephen
    $800 29
[The end-of-round signal sounds.]

Medicaid

Rich
    $800 6
the Miami Heat

Rich
    $800 17
a croque-madame

Deborah
    $800 25
wings

Rich
    $1,000 10
Narragansett

Rich
    $800 23
(Stephen: Who is Wagner?)
...
(Alex: Strange that someone I referred to as John the Baptist would have missed the Salome clue about [*]. A minute to go, now.)

Richard Strauss

Stephen
Triple Stumper
    $1000 7
(Rich: What is balsa?)

cork

Rich
Triple Stumper
    $1000 18
rendering

Deborah
    $1000 26
the stars

Rich
    $1000 11
pragmatism

Rich
    $1000 24
Guadalcanal Diary

Rich

Scores at the first commercial break (after clue 14):

Rich Deborah Stephen
$3,400 $800 $600

Scores at the end of the Jeopardy! Round:

Rich Deborah Stephen
$7,600 $4,000 $600

Double Jeopardy! Round responses

19th CENTURY AMERICA
MAN-AGRAMS
(Alex: ...these are famous people, anagrammed.)
ISLANDS
CENTRAL PARK
JEOPMARK CARDS FOR LITERARY CHARACTERS
NATIONAL RHYME TIME
    $400 13
Elvis Presley

Triple Stumper
    $400 9
Jamaica

Rich
    $400 19
a brownstone

Deborah
    $400 2
Gulliver

Deborah
    $400 7
a Brazil sill

Triple Stumper
    $800 24
"Tom Thumb"

Triple Stumper
    $800 14
Woody Allen

Stephen
    $800 20
Strawberry Fields

Rich
    $800 3
(Deborah: Who is "The Great [*]", Jay [*]?)

Gatsby

Deborah
    $800 8
France pants

Deborah
    $2,000 17
the Erie Canal

Stephen
    $1200 15
Lon Chaney

Triple Stumper
    $1200 4
D'Artagnan

Rich
    $1200 10
a Chad fad

Rich
    $1600 16
(Stephen: Uh, who was Dewey?)

John Gregg

Stephen
Triple Stumper
    $1600 21
(Rich: Who is... Bradf--Bradley Whitfiel--Bradford Whitley?)
...
(Alex: And we have less than a minute to go, now.)

Bradley Whitford

Rich
Triple Stumper
    $1600 23
(Stephen: Uh, what was the Great Green?)
[The end-of-round signal sounds.]

the Great Lawn

Stephen
Triple Stumper
    $1600 5
Prospero

Rich
    $1600 11
Chile Willy

Rich
    $2000 1
Polk

Rich
    $2000 22
Bob Dylan

Deborah
    $2000 18
Barbuda

Deborah
    $2000 6
(Stephen: Who is Friday?)
(Deborah: Who is Robinson Crusoe?)
...
(Alex: A reference to Moby-Dick, not the Daniel Defoe novel you two were thinking of.)

Queequeg

DeborahStephen
Triple Stumper
    $2000 12
a Cameroon moon

Triple Stumper

Scores at the end of the Double Jeopardy! Round:

Rich Deborah Stephen
$14,800 $8,400 -$1,800

[wagering suggestions for these scores]

Final Jeopardy! Round responses

ASSASSINATIONS
DeborahWho was Trotsky?
$8,399
RichWho is Picasso?
$3,001
Leon Trotsky

Final scores:

Rich Deborah Stephen
$11,799 $16,799 -$1,800
2nd place: $2,000 New champion: $16,799 3rd place: $1,000

Game dynamics:

Coryat scores:

Rich Deborah Stephen
$14,600 $8,400 -$2,600
21 R
(including 1 DD),
2 W
13 R,
1 W
6 R
(including 1 DD),
5 W

Combined Coryat: $20,400

The J! Archive is created by fans, for fans. The Jeopardy! game show and all elements thereof, including but not limited to copyright and trademark thereto, are the property of Jeopardy Productions, Inc. and are protected under law. This website is not affiliated with, sponsored by, or operated by Jeopardy Productions, Inc. Join the discussion at JBoard.tv.